Zoey 101 Characters - Statistics

General Stats
  • This quiz has been taken 328 times
  • The average score is 10 of 14
Answer Stats
Hint Answer % Correct
He Liked MAIN GIRL Chase
96%
Rich Boy Snob Logan
94%
Older Brooks' Sibling Zoey
94%
Younger Brooks' Sib Dustin
91%
The Girly Nerd Quinn
89%
Inspiring actress Lola
86%
MAIN GIRL's GBF Michael
73%
Boy-Obsessed MGF Nicole
72%
MAIN GIRL'S Dorm Adviser Coco
67%
Tomboy power! Dana
65%
Nerd's Later On BF Mark
63%
The Dean of PCA Rivers
51%
Blondie Boy James
34%
Obsessed with RICH Stacey
31%
No matching quizzes found
Score Distribution
Percent of People with Each Score
Percentile by Number Answered
Your Score History
You have not taken this quiz